| 000 | 00680nam a2200193Ii 4500 | ||
|---|---|---|---|
| 003 | JO-AjNU | ||
| 008 | 230605s9999||||xx |||||||||||||| ||und|| | ||
| 040 |
_aJO-AjNU _bara _erda _cJO-AjNU |
||
| 041 | _aara | ||
| 050 | 1 | 4 | _aBC99.A7.M8 1989 |
| 100 | 3 |
_aزيدان، محمود فهمي, _eauthor _952669 |
|
| 245 | 0 | 0 | _aالمنطق الرمزي نشأته وتطوره |
| 264 | 3 | 1 | _aالاسكندرية: مؤسسة شباب الجامعة ، 1989 |
| 300 |
_a304ص _bببلوغرافيا ص 291-304 |
||
| 336 |
_atext _btxt _2rdacontent |
||
| 337 |
_aunmediated _bn _2rdamedia |
||
| 338 |
_avolume _bnc _2rdacarrier |
||
| 650 | 4 |
_aالمنطق الرمزي- استقراء _952670 |
|
| 999 |
_aA23345 _c26913 _d26913 |
||